[Event "IECG TE.2005.P.02027"]
[Site "IECG email"]
[Date "2005.12.19"]
[Round "?"]
[White "Migliorini, Roberto"]
[Black "Stable Rodriguez, Orlando Manuel"]
[Result "1-0"]
[WhiteElo "2043"]
[BlackElo "1669"]
[PlyCount "41"]
[EventDate "2005.12.19"]
[EventType "tourn (corr)"]
[EventRounds "8"]
[SourceTitle "Corr 2008"]
[Source "ChessBase"]
[SourceDate "2008.06.24"]
[SourceVersion "1"]
[SourceVersionDate "2008.06.24"]
[SourceQuality "1"]

1. e4 e5 2. Nf3 Nc6 3. c3 Nf6 4. d4 Nxe4 5. d5 Ne7 6. Nxe5 Ng6 7. Qe2 Qe7 8. Qxe4 Qxe5 9. Qxe5+ Nxe5 10. Bf4 d6 11. Nd2 Bf5 12. 0-0-0 0-0-0 13. Re1 f6 14. Be3 Kb8 15. Nb3 Nd3+ 16. Bxd3 Bxd3 17. Rd1 Bg6 18. Nd4 Be4 19. Ne6 Re8 20. Rhe1 Bxg2 21. Nf4 1-0